| 000 | 00449cam a2200181ua 4500 | ||
|---|---|---|---|
| 020 | _c12.06 | ||
| 041 |
_aeng _h |
||
| 082 |
_a539 _bNOK/DE |
||
| 100 | _aNokes., M.C . | ||
| 245 |
_aDemonstrations in modern physics / _cM.C.Nokes. _hTextual Documents |
||
| 250 |
_a2 / _b. |
||
| 260 |
_aLondon : _bHeinemann Educational Books Ltd. , _c1963. |
||
| 300 | _a139 ; . | ||
| 365 | _a12.06 | ||
| 504 | _a | ||
| 942 | _cBK | ||
| 999 |
_c1675 _d1675 |
||